The World currencies of the third millennium / (Record no. 73449)
[ view plain ]
| 000 -LEADER | |
|---|---|
| fixed length control field | 00705 a2200253 4500 |
| 001 - CONTROL NUMBER | |
| control field | 73449 |
| 003 - CONTROL NUMBER IDENTIFIER | |
| control field | TR-AnTOB |
| 005 - DATE AND TIME OF LATEST TRANSACTION | |
| control field | 20210416103843.0 |
| 008 - FIXED-LENGTH DATA ELEMENTS--GENERAL INFORMATION | |
| fixed length control field | 090115s2003 00000 eng |
| 041 ## - LANGUAGE CODE | |
| Language code of text/sound track or separate title | İngilizce |
| 050 ## - LIBRARY OF CONGRESS CALL NUMBER | |
| Classification number | HG353 |
| Item number | .W67 2003 |
| 090 ## - LOCALLY ASSIGNED LC-TYPE CALL NUMBER (OCLC); LOCAL CALL NUMBER (RLIN) | |
| Classification number (OCLC) (R) ; Classification number, CALL (RLIN) (NR) | HG353 .W67 2003 |
| 245 #4 - TITLE STATEMENT | |
| Title | The World currencies of the third millennium / |
| Statement of responsibility, etc. | compiler Osmon Satkeyev ; translation N. J. Sopueva. |
| 264 #1 - PRODUCTION, PUBLICATION, DISTRIBUTION, MANUFACTURE, AND COPYRIGHT NOTICE | |
| Place of production, publication, distribution, manufacture | Bishkek , |
| Name of producer, publisher, distributor, manufacturer | , |
| Date of production, publication, distribution, manufacture, or copyright notice | 2003. |
| 300 ## - PHYSICAL DESCRIPTION | |
| Extent | 776 p. : |
| Other physical details | col. ill., maps ; |
| Dimensions | 30 cm. |
| 650 #0 - SUBJECT ADDED ENTRY--TOPICAL TERM | |
| Topical term or geographic name entry element | Paper money |
| 9 (RLIN) | 51333 |
| Topical term or geographic name entry element | Kağıt para |
| Source of heading or term | etuturkob |
| 9 (RLIN) | 13294 |
| 700 ## - ADDED ENTRY--PERSONAL NAME | |
| Personal name | Satkeyev, Osmon |
| 9 (RLIN) | 51331 |
| Personal name | Sopueva, N. J. |
| 9 (RLIN) | 51332 |
| 902 ## - LOCAL DATA ELEMENT B, LDB (RLIN) | |
| a | 0027682 |
| 903 ## - LOCAL DATA ELEMENT C, LDC (RLIN) | |
| a | Merkez Kutuphane |
| 945 ## - LOCAL PROCESSING INFORMATION (OCLC) | |
| a | SC, CS |
| 942 ## - ADDED ENTRY ELEMENTS (KOHA) | |
| Koha item type | Book |
| Withdrawn status | Lost status | Source of classification or shelving scheme | Materials specified (bound volume or other part) | Not for loan | Collection code | Home library | Current library | Shelving location | Date acquired | Source of acquisition | Cost, normal purchase price | Serial Enumeration / chronology | Inventory number | Total Checkouts | Total Holds | Full call number | Barcode | Copy number | Date shelved | Koha item type |
|---|---|---|---|---|---|---|---|---|---|---|---|---|---|---|---|---|---|---|---|---|
| C.1 | Ödünç Verilebilir / Available | Genel Koleksiyon | Merkez Kütüphane | Merkez Kütüphane | Genel Koleksiyon / Main Collection | 15/12/2009 | Dağıtım / Compilation | 0.01 | 1 | İKT | HG353 .W67 2003 | 0027682 | 1 | 21/04/2010 | Book |
